Die teuersten Fußballtransfers - Torwarte - Saison 2017-2018 - Statistiken

Allgemein
  • Dieses Quiz wurde 32 mal gespielt
  • Das Durchschnittsergebnis liegt bei 5 aus 10
Antwortstatistiken
Ablöse (M €) Nationalität Abgebender Verein Aufnehmender Verein Spieler % Korrekt
40,00 Brasilien Benfica Manchester City Ederson
100%
28,50 England AFC Sunderland FC Everton Jordan Pickford
96%
18,40 Polen FC Arsenal Juventus Turin Wojciech Szczęsny
63%
11,50 Bosnien und Herzegowina / Kanada FC Chelsea Bournemouth Asmir Begovic
58%
5,00 Kamerun / Schweiz BSC Young Boys RB Leipzig Yvon Mvogo
54%
6,00 Australien FC Valencia Brighton Mathew Ryan
50%
7,00 Brasilien Juventus TurinFC Valencia Neto
50%
4,00 Deutschland Leicester City VfB Stuttgart Ron-Robert Zieler
50%
5,60 Irland West Ham United Middlesbrough Darren Randolph
13%
5,72 Albanien Lazio Rom Atalanta Bergamo Etrit Berisha
8%
Keine übereinstimmenden Quizze gefunden
Verteilung der Resultate
Anzahl Personen mit jedem Resultat
Perzentil nach korrekt beantworteten Fragen
Ihre Resultats-Entwicklung
Sie haben dieses Quiz noch nicht gespielt